00628nam a2200205 a 450000100060000000300090000600800410001504000280005608200160008410000250010024500140012525000060013926000270014530000150017249000270018765000280021494200120024299900170025495201510027111426CO-ViMGA141112s2004 ck r 000 u spa d aCO-ViMGAbspacCO-ViMGA04a843.91 F68s1 aFournel, Paul94784110aSupergato a5 aMadrid : bS.M, c1994 a105 p : il aEl barco de vapor, 18914aCUENTOS FRANCESES91078 2ddccBK c22623d22623 00102ddc40708003aMEVIECARbMEVIECARd2015-12-04hVolumen. 1 | 11/jun/2009l0o843.91 F68s p11426r2015-12-04 00:00:00tEj. 1w2015-12-04yBK